000 00328nam a22001457a 4500
008 230207b ||||| |||| 00| 0 eng d
020 _a9780321837929
041 _aeng
080 _2TWELFTH EDITION
_a51
082 _a51
100 _a20
101 _aMATEM
245 _aSTUDENTS SOLUTIONS MANUAL
_cLAPP J
942 _2udc
_cBK
999 _c59324
_d59324